书目信息 |
| 题名: |
河南城建学院(1983-2013):史海拾贝
|
|
| 作者: | 李德平 , 孔留安 主编 | |
| 分册: | ||
| 出版信息: | 2013.10 |
|
| 页数: | 128页 | |
| 开本: | 26cm | |
| 丛书名: | ||
| 单 册: | ||
| 中图分类: | K295.4 | |
| 科图分类: | ||
| 主题词: | 中国--地方史 , 中国--地方志 | |
| 电子资源: | ||
| ISBN: | ||
| 000 | 00623nam0 2200193 450 | |
| 001 | 1359769564 | |
| 005 | 20131227163930.56 | |
| 100 | @a20131227d2013 km y0chiy0120 ea | |
| 101 | 0 | @achi |
| 200 | 1 | @a河南城建学院(1983-2013):史海拾贝@Ahe nan cheng jian xue yuan(1983-2013):shi hai shi bei@f李德平,孔留安主编@Fli de ping,kong liu an zhu bian |
| 210 | @d2013.10 | |
| 215 | @a128页@d26cm | |
| 606 | 0 | @a中国@x地方史 |
| 606 | 0 | @a中国@x地方志 |
| 690 | @aK295.4@v4 | |
| 701 | 0 | @a李德平@Ali de ping@4主编 |
| 701 | 0 | @a孔留安@Akong liu an@4主编 |
| 801 | 0 | @aCN@b大连网信软件有限公司图书馆·11@c20131227 |
| 905 | @aZUCC@dK295.4@eL144 | |
| 河南城建学院(1983-2013):史海拾贝/李德平,孔留安主编.-2013.10 |
| 128页;26cm |
| ISBN : |
| ● |
| 相关链接 |
|
|
|
正题名:河南城建学院(1983-2013):史海拾贝
索取号:K295.4/L144
 
预约/预借
| 序号 | 登录号 | 条形码 | 馆藏地/架位号 | 状态 | 备注 |
| 1 | 375584 | 203755846 | 自科二线404/400A自科库 33排3列1层/ [索取号:K295.4/L144] | 在馆 | |
| 2 | 492616 | 204926161 | 自科二线404/400A自科库 18排1列1层/ [索取号:K295.4/L144] | 在馆 | |
| 3 | 492617 | 204926170 | 自科二线404/309社科库 42排4列6层/ [索取号:K295.4/L144] | 在馆 | |
| 4 | 492618 | 204926189 | 自科二线404/400A自科库 33排3列1层/ [索取号:K295.4/L144] | 在馆 | |
| 5 | 492619 | 204926198 | 自科二线404/309社科库 42排4列6层/ [索取号:K295.4/L144] | 在馆 | |
| 6 | 492620 | 204926205 | 自科二线404/400A自科库 18排1列1层/ [索取号:K295.4/L144] | 在馆 | |
| 7 | 492621 | 204926214 | 自科二线404/400A自科库 18排1列1层/ [索取号:K295.4/L144] | 在馆 | |
| 8 | 492622 | 204926223 | 社科库309/309社科库 38排7列3层/ [索取号:K295.4/L144] | 在馆 | |
| 9 | 492623 | 204926232 | 自科二线404/400A自科库 18排1列1层/ [索取号:K295.4/L144] | 在馆 | |
| 10 | 492624 | 204926241 | 社科库309/309社科库 38排7列3层/ [索取号:K295.4/L144] | 在馆 | |
| 11 | 492625 | 204926250 | 自科二线404/400A自科库 18排1列1层/ [索取号:K295.4/L144] | 在馆 |